Centenario de la UNAM : Estado y Universidad Nacional : cien años de conciliaciones y rupturas /

Historia de la Universidad Nacional Autónoma de México centrada en sus relaciones con el Estado mexicano y las políticas educativas que han marcado su paso, desde la lucha por la autonomía y las numerosas huelgas, hasta los movimientos de reforma y la conformación de de la UNAM como la más important...

Ausführliche Beschreibung

Gespeichert in:
Bibliographische Detailangaben
1. Verfasser: Martínez Della Rocca, Salvador (autor)
Format: Buch
Sprache:Spanisch
Veröffentlicht: México : Guadalajara, México : Gobierno del Distrito Federal, Secretaría de Educación : Miguel Angel Porrúa ; Universidad de Guadalajara, 2010, c2010
Schlagworte:
Tags: Tag hinzufügen
Keine Tags, Fügen Sie das erste Tag hinzu!

MARC

LEADER 00000nam^a2200000^a^4500
001 000314167
005 20260624000000.0
009 20260625171505.97
020 |a 978-607-401-373-3 
037 |a Acervo ITESO - Biblioteca 
041 |a ESP 
082 |a 378. 72532  |b MAR 
100 |a Martínez Della Rocca, Salvador  |e (autor) 
245 1 0 |a Centenario de la UNAM :  |b Estado y Universidad Nacional : cien años de conciliaciones y rupturas /  |c S. Martínez della Roca. 
264 4 |a México :  |b Gobierno del Distrito Federal, Secretaría de Educación :  |b Miguel Angel Porrúa ;  |a Guadalajara, México :  |b Universidad de Guadalajara,  |c 2010, c2010 
300 |a 953 p. 
336 |a texto  |b txt  |2 rdacontenido 
337 |a sin mediación  |b n  |2 rdamedio 
338 |a volumen  |b nc  |2 rdasoporte 
520 |a Historia de la Universidad Nacional Autónoma de México centrada en sus relaciones con el Estado mexicano y las políticas educativas que han marcado su paso, desde la lucha por la autonomía y las numerosas huelgas, hasta los movimientos de reforma y la conformación de de la UNAM como la más importante casa de estudios del país. 
649 |a XX 
650 |a Huelgas y Paros -  |z México 
650 |a Movimientos Estudiantiles -  |z México 
650 |a Libertad de Cátedra -  |z México 
650 |a Autonomía Universitaria -  |z México 
650 |a Política Educativa -  |z México 
650 |a Educación y Estado -  |z México -  |x Tema Principal 
650 |a Educación y Política -  |z México 
650 |a UNAM -  |x Historia -  |x Tema Principal 
650 |a UNAM -  |x Leyes y Reglamentos 
650 |a Universidades Públicas -  |z México 
650 |a Instituciones Educativas -  |z México 
650 |a Educación Pública -  |z México -  |x Historia -  |y Siglo XX 
650 |a Educación Superior -  |z México -  |x Historia -  |y Siglo XX 
910 |a Fondo General 
920 |a Impresos - Libros 
930 |a Colección General 
905 |a 101 
901 |a 0500200888  |b IT1  |c ACC  |i C128511  |u 20260624 
902 |a https://opac.biblio.iteso.mx/vufind/Record/000314167